000 00506nam a2200205 a 4500
001 79820
003 BD-RjUL
005 20220519110809.0
008 220519s1955 pk ||||| |||| 00| 0 eng d
035 _a(BD-RjUL)79820
040 _aBD-RjUL
_beng
_cBD-RjUL
041 _aeng
082 _223
_a822
_bSHT 1955
100 _aShamsie, Nasir
_93070
245 _aThree plays /
_cNasir Shamsie
260 _aKarachi :
_bP.E.N
_c1955
300 _a85 p.;
_c19 cm.
650 _aEnglish drama
942 _2ddc
_cBK
999 _c79820
_d79820